000 01206cam a22002775a 4500
001 15881756
005 20160517151441.0
008 090826s2010 enkb frb 001 0 eng d
020 _a9780415483308 (pbk.)
040 _aDLC
_cDLC
_dYDX
_dBTCTA
_dNLGGC
_dBWK
_dYDXCP
_dDLC
_dEG-ScBUE
_beng
043 _af-ti---
082 0 0 _a320.9611
_222
_bALE
100 1 _aAlexander, Christopher.
_940011
245 1 0 _aTunisia :
_bstability and reform in the modern Maghreb /
_cChristopher Alexander.
260 _aOxon ;
_aNew York :
_bRoutledge / Taylor & Francis Group,
_c2010.
300 _axii, 142 p. :
_bmap ;
_c24 cm.
490 0 _aThe contemporary Middle East.
500 _aIndex : p. [137]-142.
504 _aBibliography : p. [130]-136.
505 0 _aState-building and independence in Tunisia -- Authoritarianism and stability in Tunisian politics -- Stability, reform, and development in Tunisia's economy -- Tunisia and the world -- stability, reform, and Tunisia's future.
650 7 _aPolitical stability
_zTunisia.
_2BUEsh
_940012
650 7 _aAuthoritarianism
_zTunisia.
_2BUEsh
_940013
651 7 _aTunisia
_xPolitics and government
_y1987-
_2BUEsh
_940014
653 _bBUSBOL
_cMay2016
942 _2ddc
999 _c21770
_d21742